[Event "CZE-chT 9596"]
[Site "?"]
[Date "1996.??.??"]
[Round "1"]
[White "Ftacnik, Lubomir"]
[Black "Stohl, Igor"]
[Result "1/2-1/2"]
[WhiteElo "2585"]
[BlackElo "2515"]

1.d4 Nf6 2.c4 e6 3.Nc3 Bb4 4.Qc2 O-O 5.a3 Bxc3+ 6.Qxc3 b6 7.g3 Bb7 8.Nf3 d5
9.Bg2 Nbd7 10.O-O dxc4 11.Qxc4 c5 12.Be3 Bd5 13.Qa4 c4 14.Nd2 a6 15.f3 b5
16.Qc2 e5 17.Bf2 Bb7 18.b3 cxb3 19.Qxb3 Re8 20.e4 exd4 21.Bxd4 Rc8 22.Qe3 Qe7
23.Bh3 Rc6 24.Nb3 Bc8 25.Na5 Rc7 26.Rfc1 Ne5 27.Bg2 h6 28.h3 Nc4 29.Nxc4 bxc4
30.Rab1 Be6 31.f4 Rd7 32.Bf1 Bf5 33.Rxc4 Qxe4 34.Qxe4 Nxe4 35.Re1 Red8 36.Bb6 Rb8  1/2-1/2

[Event "CZE-chT 9596"]
[Site "?"]
[Date "1996.??.??"]
[Round "11"]
[White "Babula, Vlastimil"]
[Black "Hracek, Zbynek"]
[Result "0-1"]
[WhiteElo "2540"]
[BlackElo "2650"]

1.d4 Nf6 2.c4 e6 3.Nc3 Bb4 4.Qc2 O-O 5.a3 Bxc3+ 6.Qxc3 b6 7.Bg5 Bb7 8.e3 Re8
9.f3 h6 10.Bh4 d5 11.Bd3 Nbd7 12.cxd5 Nxd5 13.Bxd8 Nxc3 14.Bh4 Nd5 15.e4 Nf4
16.Bf1 f5 17.Bg3 Nh5 18.Bxc7 Rac8 19.Rc1 fxe4 20.Bb5 Re7 21.Rc3 Rf7 22.Bd6 Rxc3
23.bxc3 a6 24.Be2 Nf4 25.Bxf4 Rxf4 26.Bc4 Rf6 27.a4 Kf7 28.Be2 Rg6 29.g3 Rf6
30.f4 Rf5 31.Bd1 Ra5 32.Ne2 Bc6 33.Bc2 Nf6 34.O-O Bxa4 35.Bb1 Bb5 36.Re1 Ra1
37.c4 Bxc4 38.Nc3 Bd3 39.Kg2 Nd5  0-1

[Event "CZE-chT2c 9596"]
[Site "CZE"]
[Date "1996.??.??"]
[Round "5"]
[White "Babula, Vlastimil"]
[Black "Zpevak, Pavel"]
[Result "1/2-1/2"]
[WhiteElo "2530"]
[BlackElo "2355"]

1.d4 Nf6 2.c4 e6 3.Nc3 Bb4 4.Qc2 O-O 5.a3 Bxc3+ 6.Qxc3 b6 7.Bg5 Bb7 8.e3 d6
9.f3 Nbd7 10.Bd3 c5 11.Ne2 Rc8 12.Qb3 d5 13.O-O h6 14.Bh4 Ba6 15.Rac1 b5  1/2-1/2

[Event "CZE-chT2c 9596"]
[Site "CZE"]
[Date "1996.??.??"]
[Round "5"]
[White "Pastor, Karel"]
[Black "Oral, Tomas"]
[Result "0-1"]
[WhiteElo "2260"]
[BlackElo "2405"]

1.d4 Nf6 2.c4 e6 3.Nc3 Bb4 4.Qc2 O-O 5.Nf3 c5 6.dxc5 Na6 7.Bd2 Nxc5 8.e3 b6
9.Be2 Bb7 10.O-O Qe7 11.a3 Bxc3 12.Bxc3 Nfe4 13.Bd4 Ng5 14.b4 Nxf3+ 15.Bxf3 Bxf3
16.gxf3 Nb7 17.Kh1 f6 18.Rg1 e5 19.Bb2 Qe6 20.Rg4 Qc6 21.Rg3 Rac8 22.Rc1 d5
23.Rh3 g6 24.Rg1 Rc7 25.Rxh7 Rxh7 26.Qxg6+ Kh8 27.Bxe5 dxc4 28.e4 c3 29.Bd4 Qd6  0-1

[Event "DEN-chT 9697"]
[Site "?"]
[Date "1996.??.??"]
[Round "1"]
[White "Kjeldsen, Jens"]
[Black "Nielsen, Uffe V"]
[Result "1/2-1/2"]
[WhiteElo "2415"]
[BlackElo "2390"]

1.d4 Nf6 2.c4 e6 3.Nc3 Bb4 4.Qc2 O-O 5.a3 Bxc3+ 6.Qxc3 Ne4 7.Qc2 d5 8.e3 b6
9.Bd3 Bb7 10.Ne2 Nd7 11.O-O Rc8 12.cxd5 exd5 13.f3 Nef6 14.Nf4 Re8 15.Qf2 c5
16.g4 Re7 17.Bd2 c4 18.Bc2 a5 19.Kh1 Nf8 20.Rg1 Ne8 21.Rg3 Nd6 22.Rag1 f6
23.Nh5 Ne6 24.h4 Qf8 25.Qh2 Kh8 26.R3g2 Rd8 27.Ng3 Bc6 28.Qh3 Rde8 29.Nh5 Qf7
30.Ng3 Nd8 31.g5 Bd7 32.Qh2 fxg5 33.hxg5 g6 34.Nh5 Qxf3 35.Nf4 Kg8 36.Bd1 Qe4
37.Rf1 Bc6 38.Bc1 Rf8 39.Kg1 Qf5 40.Bg4 Qf7 41.Rf3 Qe8 42.Nxg6 Qxg6 43.Rf6 Qb1
44.Rgf2 Qxc1+ 45.Kg2 Rxf6 46.gxf6 Rxe3 47.Qxd6 Re8 48.Be6+ Kh8 49.f7 Qg5+
50.Kf1 Qc1+ 51.Kg2 Qg5+ 52.Kf1 Qc1+  1/2-1/2

[Event "Asia-ch"]
[Site "Dubai"]
[Date "1996.??.??"]
[Round "?"]
[White "Kakageldyev, Amanmurad"]
[Black "Barus, Cerdas"]
[Result "0-1"]
[WhiteElo "2475"]
[BlackElo "2410"]

1.d4 Nf6 2.c4 e6 3.Nc3 Bb4 4.Qc2 O-O 5.Bg5 c5 6.e3 h6 7.Bh4 cxd4 8.exd4 d5
9.Nf3 Nc6 10.O-O-O Bxc3 11.Qxc3 Ne4 12.Bxd8 Nxc3 13.bxc3 Rxd8 14.Bd3 Bd7
15.cxd5 exd5 16.Rhe1 Bg4 17.Re3 Rac8 18.Kb2 Rb8 19.Rb1 Bxf3 20.Rxf3 b5 21.Kc1 b4
22.cxb4 Nxb4 23.Bf5 Nc6 24.Rxb8 Rxb8 25.Bb1 g6 26.Rc3 Nxd4 27.Rc5 Rb5 28.Rc7 Ra5
29.Kb2 Ne6 30.Rd7 Kg7 31.Bc2 Nc5 32.Rd8 Kf6 33.Re8 Ra6 34.Rc8 Ne6 35.Bb3 Ke5
36.Kc3 Rb6 37.Re8 Rb7 38.Kd2 Kd4 39.g4 Nc5 40.Re3 Rb6 41.Rf3 Rf6 42.Rxf6 Ne4+
43.Ke2 Nxf6 44.f3 Ne8 45.h4 g5 46.hxg5 hxg5 47.Kf2 Nd6 48.Kg3 f6 49.Kf2 Nc4
50.Ke2 Kc3  0-1

[Event "Nord Cup 2nd"]
[Site "Duesseldorf"]
[Date "1996.??.??"]
[Round "7"]
[White "Kitte, Sebastian"]
[Black "Henrichs, Thomas"]
[Result "1/2-1/2"]
[WhiteElo "2265"]
[BlackElo "2340"]

1.d4 Nf6 2.c4 e6 3.Nc3 Bb4 4.Qc2 O-O 5.a3 Bxc3+ 6.Qxc3 Ne4 7.Qc2 f5 8.e3 b6
9.Nf3 Bb7 10.Be2 d6 11.O-O Rf6 12.Ne1 Rh6 13.f3 Qh4 14.fxe4 Qxh2+ 15.Kf2 Qh4+
16.Kg1  1/2-1/2

[Event "RUS-ch (Women)"]
[Site "Elista"]
[Date "1996.??.??"]
[Round "9"]
[White "Prudnikova, Svetlana"]
[Black "Fatalibekova, Elena"]
[Result "1-0"]
[WhiteElo "2385"]
[BlackElo "2240"]

1.d4 Nf6 2.c4 e6 3.Nc3 Bb4 4.Qc2 O-O 5.a3 Bxc3+ 6.Qxc3 b6 7.Bg5 Bb7 8.f3 h6
9.Bh4 d5 10.e3 Re8 11.Rc1 c6 12.Bd3 Nbd7 13.Ne2 Ne4 14.Bxd8 Nxc3 15.Bh4 Nxe2
16.Bxe2 dxc4 17.Bxc4 e5 18.Kf2 exd4 19.exd4 Nf8 20.Rhd1 Ng6 21.Bg3 Rad8 22.Bb3 Re7
23.Ba4 b5 24.Bc2 Red7 25.Bxg6 fxg6 26.Be5 g5 27.Ke3 a5 28.Rc5 Rd5 29.Rdc1 R8d7
30.g3 Kf7 31.f4 gxf4+ 32.gxf4 Rxc5 33.Rxc5 g5 34.a4 Rd5 35.Rxd5 cxd5 36.axb5 Bc8
37.b6 Kg6 38.fxg5 hxg5 39.h3 Kf7 40.Kf3 Kg6 41.b3 Kf5 42.Bg3 Kf6 43.Be1 Ke6
44.Bxa5 Kf6 45.Kg3 Ke6 46.Bd2 Kf5 47.Bxg5 Kxg5 48.h4+ Kf5 49.h5 Kg5 50.h6 Kxh6
51.Kf4 Bb7 52.b4 Ba8 53.b5 Kh5 54.Ke5 Kg5 55.Kd6 Kf4 56.Kc7 Ke4 57.Kb8  1-0

[Event "Frydek-Mistek op"]
[Site "Frydek-Mistek"]
[Date "1996.??.??"]
[Round "3"]
[White "Szymczak, Zbigniew"]
[Black "Veselovsky, Sergey"]
[Result "1/2-1/2"]
[WhiteElo "2330"]
[BlackElo "2455"]

1.d4 Nf6 2.c4 e6 3.Nc3 Bb4 4.Qc2 O-O 5.Nf3 c5 6.dxc5 Na6 7.g3 Nxc5 8.Bg2 Nce4
9.Bd2 Nxd2 10.Nxd2 Be7 11.O-O a6 12.Rfd1 Qc7 13.Rac1 Rb8 14.Nce4 b6 15.Nxf6+ Bxf6
16.Ne4 Be7 17.Qd2 d6  1/2-1/2

[Event "ISL-ch"]
[Site "Gardabaer"]
[Date "1996.??.??"]
[Round "4"]
[White "Stefansson, Hannes"]
[Black "Olafsson, Helgi"]
[Result "1/2-1/2"]
[WhiteElo "2540"]
[BlackElo "2485"]

1.d4 Nf6 2.c4 e6 3.Nc3 Bb4 4.Qc2 O-O 5.a3 Bxc3+ 6.Qxc3 b6 7.Bg5 c5 8.dxc5 bxc5
9.e3 d6 10.Bd3 Nbd7 11.Nf3 Qb6 12.O-O a5 13.Nd2 Ba6 14.Rfd1 h6 15.Bh4 d5
16.Rab1 Rfe8 17.Bc2 Bb7 18.Nf3 a4 19.Bg3 Nh5 20.Ne5 Nxg3 21.hxg3 Nxe5 22.Qxe5 Qc6  1/2-1/2

[Event "Eikrem mem"]
[Site "Gausdal"]
[Date "1996.??.??"]
[Round "2"]
[White "Ostenstad, Berge"]
[Black "Agdestein, Simen"]
[Result "1/2-1/2"]
[WhiteElo "2465"]
[BlackElo "2600"]

1.d4 Nf6 2.c4 e6 3.Nc3 Bb4 4.Qc2 O-O 5.a3 Bxc3+ 6.Qxc3 b6 7.Bg5 h6 8.Bh4 c5
9.dxc5 bxc5 10.e3 Nc6 11.Nf3 g5 12.Bg3 Ne4 13.Qc2 f5 14.O-O-O Nxg3 15.hxg3 Qf6
16.Be2 Rb8 17.Rh5 Nd8 18.g4 Nf7 19.gxf5 exf5 20.Nd2 d6 21.Nb1 Be6 22.Nc3 Rb6
23.Na4 Ra6 24.f4 Rb8 25.Rd2 Nd8 26.Bf3 Kg7 27.g3 Bf7 28.Rh1 g4 29.Bd5 Bxd5
30.cxd5 Nf7 31.Rh5 Kg6 32.Rh4 Re8 33.Re2 h5 34.Nc3 Nh6 35.Qd3 Rb6 36.Reh2 c4
37.Qd2 Nf7 38.Rxh5 Reb8 39.Nd1 Rb3 40.Qc2 c3 41.bxc3 Rxa3 42.R5h4 Qd8 43.e4 Qa5
44.exf5+ Kf6 45.Qe4 Ra1+ 46.Kd2 Rxd1+ 47.Kxd1 Qa1+ 48.Kd2 Rb2+ 49.Kd3 Qd1+
50.Kc4 Qa4+ 51.Kd3 Qd1+ 52.Kc4  1/2-1/2

[Event "Troll Masters"]
[Site "Gausdal"]
[Date "1996.??.??"]
[Round "5"]
[White "Harestad, Hans Krogh"]
[Black "Bellin, Robert"]
[Result "0-1"]
[WhiteElo "2145"]
[BlackElo "2385"]

1.d4 Nf6 2.c4 e6 3.Nc3 Bb4 4.Qc2 O-O 5.Bg5 c5 6.dxc5 Bxc5 7.Nf3 Nc6 8.e3 Be7
9.Be2 a6 10.O-O b6 11.Rfd1 Ra7 12.Rd2 d6 13.Rad1 Rd7 14.Qb3 Na5 15.Qa4 Qc7
16.e4 Rfd8 17.h3 Bb7 18.Qc2 h6 19.Be3 Rc8 20.Rc1 Nxc4 21.Bxc4 Qxc4 22.Bxb6 Qb4
23.Bd4 Bxe4 24.a3 Qb7 25.Qd1 Bxf3 26.gxf3 d5 27.Qe2 Ne8 28.Rdc2 Rc4 29.Qe3 Nd6
30.Ne2 Rdc7 31.Qd3 Qc8 32.Bc3 Nf5 33.b3 R4c6  0-1

[Event "Eikrem mem"]
[Site "Gausdal"]
[Date "1996.??.??"]
[Round "6"]
[White "Ostenstad, Berge"]
[Black "Fossan, Erik"]
[Result "1-0"]
[WhiteElo "2465"]
[BlackElo "2360"]

1.d4 Nf6 2.c4 e6 3.Nc3 Bb4 4.Qc2 O-O 5.a3 Bxc3+ 6.Qxc3 b6 7.Bg5 Bb7 8.Nf3 d6
9.Nd2 Nbd7 10.f3 h6 11.Bh4 d5 12.cxd5 exd5 13.e3 Re8 14.Bf2 c5 15.Bb5 a6
16.Ba4 b5 17.Bc2 Rc8 18.Bf5 Qb6 19.Nb3 b4 20.axb4 cxb4 21.Qd2 Ra8 22.Na5 Nb8
23.O-O Nc6 24.Nb3 a5 25.Nc5 Bc8 26.Bd3 Nd8 27.Rfc1 Nb7 28.Na4 Qd8 29.Bh4 Nd6
30.Rc5 Be6 31.b3 Nb7 32.Rc6 Rc8 33.Rb6 Rc7 34.Bb5 Rf8 35.Bg3 Re7 36.Ba6 Bc8
37.Bh4 g5 38.Rxf6 gxh4 39.Rxh6 Kg7 40.e4 Re6 41.Rxe6 fxe6 42.Bxb7 Bxb7 43.Nc5 Bc8
44.e5 h3 45.Kh1 Qh4 46.g3 Qh5 47.f4 Qf3+ 48.Kg1 Kg8 49.Rf1 Qg4 50.Qd3 Rf7
51.Qf3 Qg6 52.Rc1 Bd7 53.Nd3 Kg7 54.Nf2 a4 55.Nxh3 a3 56.Nf2 Bb5 57.Qe3 a2
58.Qe1 Ra7 59.Kg2 Bc4 60.Qxb4 Qb1 61.Qc5 Rb7 62.Rxb1 axb1=Q 63.bxc4 Qa2 64.cxd5 Rb2
65.Qe7+ Kh8 66.Qh4+ Kg8 67.Qg4+ Kf8 68.Qf3 Rb3 69.Qh5 Rb2 70.Qh8+ Ke7 71.d6+ Kf7
72.Qh5+ Kf8 73.Qf3 Rb3 74.d7 Ke7 75.Qc6 Rb2 76.Qf3 Kxd7 77.f5 exf5 78.Qxf5+ Ke7
79.Qf6+ Kd7 80.h4 Qd5+ 81.Kh3 Qe6+ 82.Qxe6+ Kxe6 83.Ne4 Kd5 84.Nd6 Kxd4 85.e6  1-0

[Event "Troll Masters"]
[Site "Gausdal"]
[Date "1996.??.??"]
[Round "7"]
[White "Harestad, Hans Krogh"]
[Black "Jackson, Sheila"]
[Result "1-0"]
[WhiteElo "2145"]
[BlackElo "2180"]

1.d4 Nf6 2.c4 e6 3.Nc3 Bb4 4.Qc2 O-O 5.Bg5 c5 6.dxc5 Na6 7.a3 Bxc3+ 8.Qxc3 Nxc5
9.Bxf6 Qxf6 10.Qxf6 gxf6 11.e3 a5 12.Rd1 a4 13.Ne2 b6 14.Nc3 Ba6 15.Rd6 Rab8
16.h4 Rfd8 17.h5 h6 18.Rh4 Kf8 19.Be2 Ke7 20.Rhd4 Nb3 21.Rd1 Nc5 22.f3 Rb7
23.Na2 Rc8 24.Nb4 Rcc7 25.R1d4 Rb8 26.Rxd7+ Nxd7 27.Nxa6 Rbc8 28.Nxc7 Rxc7
29.Kd2 Nc5 30.Kc3 Ra7 31.Bd1 Ra5 32.f4 f5 33.Bc2 Nd7 34.b4 axb3 35.Kxb3 Nc5+
36.Kb4 Na6+ 37.Kb3 Nc5+ 38.Kb2 Ra8 39.Rd2 Rg8 40.Kc3 Rg3 41.Re2 Nd7 42.Kb4 Kd6
43.a4 Nf6 44.Kb5 Kc7 45.c5 bxc5 46.Kxc5 Nxh5 47.a5 Nf6 48.a6 Nd5 49.Kd4 Nb4
50.Bd3 Rg8 51.Bc4 Ra8 52.Ke5 Kb6 53.Rb2 Kc5 54.Be2 Nxa6 55.Rc2+ Kb4 56.Ra2 Nc7
57.Rxa8 Nxa8 58.Bh5 Nc7 59.Bxf7 Nd5 60.Kd4 Nc7 61.g3 Kb5 62.Ke5 Nd5 63.Bxe6 Nxe3
64.Bxf5 h5 65.Bg6 Nf1 66.f5 Nxg3 67.f6 h4 68.f7 h3 69.f8=Q h2 70.Bd3+  1-0

[Event "Eikrem mem"]
[Site "Gausdal"]
[Date "1996.??.??"]
[Round "7"]
[White "Agdestein, Simen"]
[Black "Brekke, Oystein"]
[Result "1-0"]
[WhiteElo "2600"]
[BlackElo "2220"]

1.d4 Nf6 2.c4 e6 3.Nc3 Bb4 4.Qc2 O-O 5.Bg5 d6 6.O-O-O Nbd7 7.e3 Bxc3 8.bxc3 c5
9.Nf3 Qa5 10.Bf4 d5 11.Nd2 b5 12.cxb5 cxd4 13.exd4 e5 14.dxe5 Ne4 15.Nxe4 dxe4
16.e6 fxe6 17.Bd6 Rf5 18.Bb4 Qb6 19.Rd6 Qxf2 20.Qxf2 Rxf2 21.Rxe6 Nf6 22.Re5 Kh8
23.Bc4 Bg4 24.h3 Be2 25.Bxe2 Rxe2 26.a4 Ra2 27.Rd1 Ra1+ 28.Kc2 Ra2+ 29.Kb3 Rxg2
30.a5 Rg3 31.Be7 e3 32.b6 axb6 33.axb6 Rb8 34.Rd8+ Rxd8 35.Bxd8 Kg8 36.Bxf6 Rg1
37.Bd8 Rb1+ 38.Kc2  1-0

[Event "Eikrem mem"]
[Site "Gausdal"]
[Date "1996.??.??"]
[Round "8"]
[White "Ostenstad, Berge"]
[Black "Har Zvi, Ronen"]
[Result "0-1"]
[WhiteElo "2465"]
[BlackElo "2495"]

1.d4 Nf6 2.c4 e6 3.Nc3 Bb4 4.Qc2 O-O 5.a3 Bxc3+ 6.Qxc3 b6 7.Bg5 Ba6 8.Nf3 d6
9.Nd2 h6 10.Bh4 Nbd7 11.e3 c5 12.dxc5 bxc5 13.Bd3 Bb7 14.O-O a5 15.Rad1 Nd5
16.Qxg7+ Kxg7 17.Bxd8 Nxe3 18.Be7 Rfe8 19.fxe3 Rxe7 20.Be4 Ne5 21.Bxb7 Rxb7
22.Ne4 Nxc4 23.Nxd6 Nxd6 24.Rxd6 Rxb2 25.Rd7 Rf8 26.Ra7 Rb3 27.Rxa5 Rxe3
28.Rxc5 Rxa3 29.Rc7 Kg6 30.Rf3 Ra1+ 31.Kf2 Ra5 32.h4 Rf5 33.g4 Rxf3+ 34.Kxf3 Rd8
35.Ke4 Rd1 36.Rc8 h5 37.g5 Rh1 38.Ke5 Rxh4 39.Rg8+ Kh7 40.Ra8 Kg7  0-1

[Event "Geneve op"]
[Site "Geneve"]
[Date "1996.??.??"]
[Round "3"]
[White "Dittmar, Peter"]
[Black "Razuvaev, Yuri S"]
[Result "1/2-1/2"]
[WhiteElo "2380"]
[BlackElo "2580"]

1.d4 Nf6 2.c4 e6 3.Nc3 Bb4 4.Qc2 O-O 5.a3 Bxc3+ 6.Qxc3 b6 7.Nf3 Bb7 8.b4 Ne4
9.Qb3 Nc6 10.Bb2 Ne7 11.e3 f5 12.Be2 c5 13.O-O cxd4 14.Nxd4 Ng6 15.f3 Nf6
16.Rad1 Qe7 17.Rd2 h6  1/2-1/2

[Event "Oberliga Nord W9596"]
[Site "Germany"]
[Date "1996.??.??"]
[Round "?"]
[White "Bruemmel, Arend"]
[Black "Thormann, Wolfgang"]
[Result "0-1"]
[WhiteElo "2180"]
[BlackElo "2225"]

1.d4 Nf6 2.c4 e6 3.Nc3 Bb4 4.Qc2 O-O 5.Bg5 d6 6.g3 h6 7.Bd2 c5 8.Nf3 Nc6
9.dxc5 dxc5 10.Bg2 e5 11.O-O Be6 12.b3 Qc8 13.a3 Ba5 14.Rfe1 Re8 15.Qd3 Rd8
16.Qc2 Bh3 17.Rad1 Bxg2 18.Kxg2 Qe6 19.e4 Bxc3 20.Bxc3 Nd4 21.Nxd4 cxd4 22.Bb2 Rac8
23.Qd3 Nd7 24.f4 Nc5 25.Qf3 f6 26.Bc1 b6 27.f5 Qc6 28.h4 a5 29.g4 a4 30.b4 Nb3
31.g5 Nxc1 32.Rxc1 fxg5 33.hxg5 d3 34.Red1 d2 35.Rc2 hxg5 36.Rcxd2  0-1

[Event "BL2-S9596"]
[Site "Germany"]
[Date "1996.??.??"]
[Round "?"]
[White "Lorscheid, Gerhard"]
[Black "Kabatianski, Alexandr"]
[Result "0-1"]
[WhiteElo "2300"]
[BlackElo "2445"]

1.d4 Nf6 2.c4 e6 3.Nc3 Bb4 4.Qc2 O-O 5.a3 Bxc3+ 6.Qxc3 b6 7.Nf3 Bb7 8.g3 Ne4
9.Qc2 f5 10.Bg2 Nf6 11.O-O Be4 12.Qc3 Qe8 13.b4 d6 14.Bb2 Nbd7 15.Rfd1 Qh5
16.Ne1 f4 17.f3 fxg3 18.hxg3 Bb7 19.Nd3 Qg5 20.g4 Nxg4 21.Bc1 Ne3 22.Bxe3 Qxe3+
23.Kf1 Nf6 24.Bh3 Bxf3 25.Bxe6+ Qxe6 26.exf3 Ne4  0-1

[Event "BL2-W9596"]
[Site "Germany"]
[Date "1996.??.??"]
[Round "?"]
[White "Richter, Goetz"]
[Black "Wintzer, Joachim"]
[Result "0-1"]
[WhiteElo "2170"]
[BlackElo "2320"]

1.d4 e6 2.c4 Nf6 3.Nc3 Bb4 4.Qc2 O-O 5.a3 Bxc3+ 6.Qxc3 b6 7.Nf3 Ne4 8.Qc2 Bb7
9.g3 f5 10.Bg2 Nf6 11.O-O a5 12.b3 Be4 13.Qb2 d6 14.Bd2 Qe8 15.Rfd1 Nbd7
16.Bc3 Qh5 17.b4 a4 18.Qc1 Rae8 19.Ra2 h6 20.h4 Ng4 21.Bd2 Re7 22.Rb2 e5
23.dxe5 dxe5 24.c5 b5 25.Be3 Bc6 26.Ne1 Qg6 27.Bxc6 Qxc6 28.Ng2 Ree8 29.f3 Nxe3
30.Nxe3 f4 31.Rbd2 Nf6 32.Nf5 fxg3 33.e4 Nh5 34.Rd7 Rf7 35.Qd2 Qe6 36.Rxf7 Qxf7
37.Qd7 Rf8 38.Qxb5 Qa2  0-1

[Event "Oberliga Ost C9596"]
[Site "Germany"]
[Date "1996.??.??"]
[Round "?"]
[White "Kirschbaum, Gunnar"]
[Black "Wege, Jochen"]
[Result "0-1"]
[WhiteElo "2190"]
[BlackElo "2265"]

1.d4 Nf6 2.c4 e6 3.Nc3 Bb4 4.Qc2 O-O 5.Nf3 b6 6.Bg5 h6 7.Bh4 Bb7 8.e3 d6
9.Be2 Nbd7 10.O-O Bxc3 11.Qxc3 g5 12.Bg3 Ne4 13.Qc2 f5 14.Nd2 h5 15.Bxh5 g4
16.d5 exd5 17.cxd5 Nxd2 18.Qxd2 Qg5 19.Rac1 Rac8 20.f3 Qxh5 21.fxg4 Qxg4
22.Rf4 Qg6 23.Rcf1 Nc5 24.R1f3 Ne4 25.Qd3 c6 26.Be1 cxd5 27.Bc3 Rc7 28.Rh4 Rh7
29.Rxh7 Qxh7 30.Rh3 Qg6 31.Qd4 Kf7 32.Rh8 Rxh8 33.Qxh8 Nxc3 34.bxc3 d4 35.g3 f4
36.Qxd4 Qb1+ 37.Kf2 Qxa2+ 38.Ke1 Qb1+ 39.Kd2 Qb2+ 40.Ke1 Qc1+ 41.Kf2 Qxe3+  0-1

[Event "Oberliga Nord N9596"]
[Site "Germany"]
[Date "1996.??.??"]
[Round "?"]
[White "Buhr, Carl Christian"]
[Black "Breyther, Ruediger"]
[Result "1/2-1/2"]
[WhiteElo "2240"]
[BlackElo "2430"]

1.d4 Nf6 2.c4 e6 3.Nc3 Bb4 4.Qc2 O-O 5.a3 Bxc3+ 6.Qxc3 Ne4 7.Qc2 f5 8.g3 b6
9.Bg2 Bb7 10.Nf3 Nf6 11.O-O Be4 12.Qc3 d6 13.b3 Nbd7 14.Bb2 Qe7 15.Rad1 Rae8
16.Rfe1 Ba8 17.Qc2 Ne4 18.Bc1 Ndf6 19.Ng5 Nxg5 20.Bxg5 Bxg2 21.Kxg2 h6 22.Bxf6 Qxf6
23.Rf1 e5 24.dxe5 Rxe5 25.e3 a5 26.Rd4 Rfe8 27.Rfd1 Re4 28.R1d2 g5 29.Qd1 g4
30.Rxe4 Rxe4 31.Rd4 Qe6 32.Qd3 Rxd4 33.exd4 d5 34.a4 Kf7 35.Kf1 c6 36.Qe2 Qe4
37.Qxe4 fxe4 38.cxd5 cxd5 39.Ke2 Ke6 40.Kd2 Kf5 41.Ke3  1/2-1/2

[Event "Bodensee-Cup"]
[Site "Germany"]
[Date "1996.??.??"]
[Round "1"]
[White "Bosbach, Gerhard"]
[Black "Menacher, Manfred"]
[Result "0-1"]
[WhiteElo "2275"]
[BlackElo "2245"]

1.d4 Nf6 2.c4 e6 3.Nc3 Bb4 4.Qc2 O-O 5.a3 Bxc3+ 6.Qxc3 b6 7.Nf3 d6 8.g3 Bb7
9.Bg2 Nbd7 10.O-O c5 11.b4 Rc8 12.Bb2 Qe7 13.Rac1 cxd4 14.Qxd4 e5 15.Qh4 Rc7
16.Bh3 Rd8 17.Bf5 Ba6 18.Bxh7+ Kf8 19.Bb1 Ng8 20.Ba2 Qxh4 21.Nxh4 g6 22.f4 exf4
23.Rxf4 Ke8 24.Rd4 Rdc8 25.Nf3 Ne5 26.Nxe5 dxe5 27.Rh4 f6 28.Rh8 Kf8 29.Rh4 g5
30.Re4 Nh6 31.Rf1 Kg7 32.Rc1 Nf5 33.Kf2 Kh6 34.h4 Nd6 35.hxg5+ Kxg5 36.Rh4 Bxc4
37.Bb1 Be6 38.Rch1 Bg4 39.Rh7 Nf5 40.Rxc7 Rxc7 41.Rh8  0-1

[Event "NRW-Liga I 9697"]
[Site "Germany"]
[Date "1996.??.??"]
[Round "4.1"]
[White "Wehmeier, Stefan"]
[Black "Roeder, Mathias"]
[Result "0-1"]
[WhiteElo "2410"]
[BlackElo "2445"]

1.d4 Nf6 2.c4 e6 3.Nc3 Bb4 4.Qc2 O-O 5.Bg5 c5 6.dxc5 Na6 7.a3 Bxc3+ 8.Qxc3 Nxc5
9.Bxf6 Qxf6 10.Qxf6 gxf6 11.g3 a5 12.Bg2 Ra6 13.Nf3 Rb6 14.O-O-O d6 15.Nd4 Bd7
16.Kb1 Rc8 17.Rd2 Kf8 18.Ka2 Ba4 19.Nb5 d5 20.e4 Bb3+ 21.Kb1 Bxc4 22.Nc3 Bd3+
23.Ka2 dxe4 24.Re1 f5 25.f3 Rd8 26.Red1 Rbd6 27.b4 axb4 28.axb4 Rb6 29.b5 Ra8+
30.Kb2 Bxb5  0-1

[Event "Gistrup"]
[Site "Gistrup"]
[Date "1996.??.??"]
[Round "6"]
[White "Schandorff, Lars"]
[Black "Yakovich, Yuri"]
[Result "0-1"]
[WhiteElo "2495"]
[BlackElo "2530"]

1.d4 Nf6 2.c4 e6 3.Nc3 Bb4 4.Qc2 O-O 5.a3 Bxc3+ 6.Qxc3 b6 7.Nf3 Bb7 8.e3 Ne4
9.Qc2 f5 10.Be2 d6 11.O-O Nd7 12.b4 Rf6 13.d5 Rg6 14.dxe6 Nf8 15.c5 bxc5
16.bxc5 Nxc5 17.Qxf5 Nfxe6 18.Qc2 Be4 19.Qd1 Qf6 20.Ra2 Rxg2+ 21.Kxg2 Qg6+
22.Kh1 Rf8 23.Rg1 Qh5 24.Rg2 Rxf3 25.Rb2 Qf5 26.Rb8+ Kf7 27.Kg1 Ng5 28.Kf1 Qh3
29.Kg1 Qf5 30.Kf1 Qh3 31.Kg1 Qh4 32.Kf1 Rf5 33.f4 Qh3 34.Bh5+ g6 35.Qg4 Bxg2+
36.Qxg2 gxh5 37.Rc8 Qxg2+ 38.Kxg2 Nge6 39.e4 Nxe4 40.Kf3 N4c5 41.Be3 Ke7  0-1

[Event "Gleisdorf ch"]
[Site "Gleisdorf"]
[Date "1996.??.??"]
[Round "7"]
[White "Laschet, Ewald"]
[Black "Lochner, Herbert"]
[Result "1-0"]
[WhiteElo "1920"]
[BlackElo "1890"]

1.d4 e6 2.c4 Nf6 3.Nc3 Bb4 4.Qc2 O-O 5.a3 Bxc3+ 6.Qxc3 b6 7.Bg5 h6 8.Bh4 Bb7
9.f3 d5 10.e3 Nbd7 11.cxd5 exd5 12.Bd3 Re8 13.Bf5 g5 14.Bg3 Qe7 15.Kf2 c5
16.Re1 Rac8 17.Qd2 Ba6 18.Ne2 Rc6 19.Nc3 Bc4 20.e4 dxe4 21.Nxe4 Qd8 22.d5 Bxd5
23.Bxd7 Nxd7 24.Qxd5  1-0

[Event "GRE-ch95"]
[Site "GRE"]
[Date "1996.??.??"]
[Round "5"]
[White "Botsari Miladinovic, Anna Maria"]
[Black "Porfiriadis, Sotirios"]
[Result "1-0"]
[WhiteElo "2325"]
[BlackElo "2320"]

1.d4 Nf6 2.c4 e6 3.Nc3 Bb4 4.Qc2 O-O 5.a3 Bxc3+ 6.Qxc3 Ne4 7.Qc2 f5 8.e3 b6
9.Bd3 Bb7 10.Nf3 d6 11.b3 Nd7 12.Bb2 Qe7 13.O-O-O c5 14.Rhg1 cxd4 15.exd4 b5
16.Kb1 bxc4 17.bxc4 Rab8 18.Ka2 Nb6 19.Rb1 Rfc8 20.Ba1 Rc7 21.g4 Rbc8 22.gxf5 Rxc4
23.Bxc4 Rxc4 24.Qd3 Bd5 25.Rb3 Qc7 26.Bb2 exf5 27.Ka1 Na4 28.Rb1 h6 29.Ne1 Nxb2
30.R3xb2 Rc3 31.Rc2 Rxd3 32.Rxc7 Rxa3+ 33.Kb2 Ra2+ 34.Kc1 Nxf2 35.Rc2 Ra4
36.Rxf2 Be4 37.Rb8+ Kh7 38.Nc2 Rc4 39.Rb4 Rc3 40.Kb2  1-0

[Event "SLO-ch"]
[Site "Grize"]
[Date "1996.??.??"]
[Round "?"]
[White "Jelen, Igor"]
[Black "Podlesnik, Bogdan"]
[Result "1-0"]
[WhiteElo "2415"]
[BlackElo "2420"]

1.d4 Nf6 2.c4 e6 3.Nc3 Bb4 4.Qc2 O-O 5.a3 Bxc3+ 6.Qxc3 b6 7.Bg5 Bb7 8.f3 h6
9.Bh4 d5 10.e3 c5 11.dxc5 bxc5 12.cxd5 g5 13.Bf2 Nxd5 14.Qd2 Nb6 15.Qc2 Kg7
16.h4 f6 17.hxg5 fxg5 18.Ne2 N8d7 19.O-O-O Qe8 20.Ng3 Rh8 21.Be1 Nf6 22.Bc3 Kf7
23.Bxf6 Kxf6 24.Qc3+ Ke7 25.Qe5 Nd5 26.Nf5+ Kd8 27.Nd6  1-0

[Event "GER-ch U20 Girls"]
[Site "Halle"]
[Date "1996.??.??"]
[Round "5"]
[White "Elschner, Annegret"]
[Black "Glaser, Andrea"]
[Result "1/2-1/2"]
[WhiteElo "2040"]
[BlackElo "2065"]

1.d4 Nf6 2.c4 e6 3.Nc3 Bb4 4.Qc2 O-O 5.Bg5 c5 6.dxc5 Na6 7.a3 Bxc3+ 8.Qxc3 Nxc5
9.f3 a5 10.b4 axb4 11.axb4 Rxa1+ 12.Qxa1 Na6 13.Qc3 d5 14.e3 dxc4 15.Bxc4 Ne4
16.Bxd8 Nxc3 17.Ba5 b5 18.Bb3 Bb7 19.e4 Rc8 20.Ne2 Kf8 21.Nd4 Na2 22.Kd2 N2xb4
23.Nxb5 Ke7 24.Rb1 Rc5 25.Bxb4 Nxb4 26.Nd4 Nc6 27.Ne2 Rb5 28.Nc3 Rb4 29.Ba4 Rxb1
30.Nxb1 e5 31.Bb5 Nd4 32.Bc4 f6 33.Nc3 Kd6 34.Kd3 Bc6 35.Bd5 Bxd5 36.exd5 g6
37.f4 Nb3 38.Ne4+ Kxd5 39.Nxf6+ Ke6 40.Nxh7 exf4 41.Ke4 f3 42.gxf3 Nc5+ 43.Kf4 Kf7
44.h4 Nd3+ 45.Kg4 Ne5+ 46.Kg3  1/2-1/2

[Event "Hallsberg op"]
[Site "Hallsberg"]
[Date "1996.??.??"]
[Round "1"]
[White "Wikstrom, Per"]
[Black "Sammalvuo, Tapani"]
[Result "1/2-1/2"]
[WhiteElo "2130"]
[BlackElo "2325"]

1.d4 Nf6 2.c4 e6 3.Nc3 Bb4 4.Qc2 O-O 5.a3 Bxc3+ 6.Qxc3 b6 7.Bg5 c5 8.dxc5 bxc5
9.e3 Nc6 10.Bd3 Rb8 11.Ne2 Qa5 12.Qxa5 Nxa5 13.b4 Nc6 14.b5 Ne5 15.Nc1 d5
16.Bf4 Nfd7 17.Be2 Rb6 18.cxd5 exd5 19.Nb3 c4 20.Nd4 a6 21.a4 axb5 22.axb5 Bb7
23.O-O f6 24.Bg3 Nc5 25.f4 Ned3 26.f5 Ne5 27.Be1 Rc8 28.Ba5 Rd6 29.Bb4 Rb6
30.Ba5 Rd6 31.Bb4 Rd7 32.Ra7 Ncd3 33.Bc3 Nc5 34.Bb4 Ned3 35.Bxd3 Nxd3 36.Bc3 Nc5
37.Ne6 Nb3 38.g4 Bc6 39.Rxd7 Bxd7 40.g5 fxg5 41.Rd1 Bxe6 42.fxe6 Re8 43.Rxd5 Rxe6
44.Kf2 h6 45.Rd8+ Kf7 46.Rc8 Rb6 47.Rxc4 Rxb5 48.Rc7+ Ke6 49.Bxg7 h5 50.h3 Rf5+
51.Kg2 Nc5 52.Bd4 Nd3 53.Rh7 Ne1+ 54.Kg1 h4 55.Rh6+ Kd5 56.e4+ Kxe4 57.Re6+ Kxd4
58.Rxe1 Rf3 59.Kg2 Re3 60.Ra1 Re2+ 61.Kf3 Rh2 62.Kg4 Rg2+ 63.Kh5 Ke3 64.Rf1 Rg3
65.Rf5 Rxh3 66.Kxg5 Rh1 67.Kg4 h3 68.Rh5 h2 69.Kg3 Ke4 70.Rxh2 Rxh2 71.Kxh2  1/2-1/2

[Event "Hallsberg op"]
[Site "Hallsberg"]
[Date "1996.??.??"]
[Round "6"]
[White "Lauber, Arnd"]
[Black "Tisdall, Jonathan D"]
[Result "0-1"]
[WhiteElo "2355"]
[BlackElo "2510"]

1.d4 Nf6 2.c4 e6 3.Nc3 Bb4 4.Qc2 O-O 5.a3 Bxc3+ 6.Qxc3 b5 7.cxb5 c6 8.f3 Nd5
9.Qd3 f5 10.e4 Nc7 11.Nh3 Qh4+ 12.g3 fxe4 13.Qxe4 Qxe4+ 14.fxe4 Nxb5 15.Bxb5 cxb5
16.Be3 Bb7 17.Nf2 Nc6 18.Rc1 Na5 19.Ke2 Nc4 20.b3 Nxa3 21.Bf4 b4 22.Bd6 Ba6+
23.Ke3 Rfc8 24.Kd2 Nb5 25.Bc5 Bb7 26.Bxb4 Nxd4 27.Rc3 a5 28.Be7 Rxc3 29.Kxc3 e5
30.Kb2 Rc8 31.Rc1 Rxc1 32.Kxc1 Kf7 33.Bd8 Nxb3+  0-1